000 01191nam0a22003011 4500
001 v19\rc\1772425
005 20250619071348.0
035 _a(NLR Aleph) 004869410
090 _a5084719
_c5084719
100 _a20061204d1904 |||y0rusy50 ca
101 0 _arus
102 _aRU
105 _aac z |||||
200 1 _aПошехонский Адрианов монастырь и его основатель преподобномученик Адриан, Пошехонский чудотворец
205 _a2-е изд.
210 _aПошехонье
_cПошехон. Адрианов монастырь
_d1904
215 _a34 с., 3 л. ил., портр.
_d15
300 _aАвт. в кн. не указан; установлен по кат. РНБ
700 0 _aАнтоний
_cархим.
_f-1909
702 0 _aАдриан Пошехонский
_cсв.
_f-1550
_4570
712 0 2 _aПошехонский Адрианов мужской монастырь
_cЯросл. губ.
801 0 _aRU
_bNLR
_gpsbo
801 0 _aRU
_bRuMoRGB
_2psbo
801 1 _aRU
_bProSoft-M
_2rusmarc
852 _aNLR
_j34.83.5.1183
899 _aRuMoRGB
_jR 444/470
942 _cBOOK
980 _aNB